Central Library OPAC University of Rajshahi

Handbook of hypergeometric integrals : (Record no. 54289)

MARC details
000 -LEADER
fixed length control field 00901nam a2200265 a 4500
001 - CONTROL NUMBER
control field 54289
003 - CONTROL NUMBER IDENTIFIER
rucl marc code BD-RjUL
005 - DATE AND TIME OF LATEST TRANSACTION
control field 20211209080111.0
008 - FIXED-LENGTH DATA ELEMENTS--GENERAL INFORMATION
fixed length control field 161105s1978 nyu b 001 0 eng
020 ## - INTERNATIONAL STANDARD BOOK NUMBER
International Standard Book Number 0470263423 (Halsted) :
International Standard Book Number 0853121222
035 ## - SYSTEM CONTROL NUMBER
System control number (BD-RjUL)54411
040 ## - CATALOGING SOURCE
Original cataloging agency DLC
Transcribing agency DLC
Modifying agency DLC
Language of cataloging eng
041 ## - LANGUAGE CODE
Language code of text/sound track or separate title eng
082 00 - DEWEY DECIMAL CLASSIFICATION NUMBER
Classification number 515.55
Edition number 23
Author mark and year EXH 1978
100 1# - MAIN ENTRY--PERSONAL NAME
Personal name Exton, Harold.
9 (RLIN) 162035
245 10 - TITLE STATEMENT
Title Handbook of hypergeometric integrals :
Remainder of title theory, applications, tables, computer programs /
Statement of responsibility, etc. Harold Exton.
260 ## - PUBLICATION, DISTRIBUTION, ETC. (IMPRINT)
Place of publication, distribution, etc. New York :
Name of publisher, distributor, etc. Halsted Press, a division of J. Wiley,
Date of publication, distribution, etc. 1978.
300 ## - PHYSICAL DESCRIPTION
Pagination 316 p. ;
Size 24 cm.
504 ## - BIBLIOGRAPHY, ETC. NOTE
Bibliography, etc Includes Bibliographical References and Index
650 #0 - SUBJECT ADDED ENTRY--TOPICAL TERM
Topical term or geographic name as entry element Hypergeometric functions.
9 (RLIN) 151975
830 ## - SERIES ADDED ENTRY--UNIFORM TITLE
Uniform title series in mathematics and its applications
942 ## - ADDED ENTRY ELEMENTS (KOHA)
Source of classification or shelving scheme Dewey Decimal Classification
Koha item type Books
Holdings
Lost status Source of classification or shelving scheme Damaged status Not for loan Collection code Permanent Location Current Location Shelving location Date acquired Source of acquisition Cost, normal purchase price Total Checkouts Full call number Date last seen Copy number Koha item type
  Dewey Decimal Classification     Non-fiction Central Library, University of Rajshahi Central Library, University of Rajshahi   25/09/1984 Tappom-Tulip 82.45   515.55 EXH 1978 05/11/2016 C-2 Books
  Dewey Decimal Classification   Not For Loan Non-fiction Central Library, University of Rajshahi Central Library, University of Rajshahi Reading Room 25/09/1984 Toppom-Tulip 82.45   515.55 EXH 1978 13/04/2017 C-1 Books